| 000 | 00796nam a22003017a 4500 | ||
|---|---|---|---|
| 001 | BR9208092 | ||
| 003 | BR-BrBNA | ||
| 005 | 20230928093655.0 | ||
| 007 | ta | ||
| 008 | 230509b bl.||||| |||| 00| 0 por d | ||
| 040 |
_aBR-BrBNA _bpor _cBiblioteca Nacional de Agricultura |
||
| 041 | _a(Por) | ||
| 072 |
_aC20; E50 _b/G514 |
||
| 090 | _ C20 BR9208092 | ||
| 100 | 1 | _aHolz, C. | |
| 100 | 1 | _aJungmann, P. | |
| 100 | 1 | _aBarbosa, J.M. | |
| 100 | 1 | _aKanitz, A. | |
| 245 | 1 | _aProjeto a familia rural; uma experiencia de televisao em Santa Catarina | |
| 260 | 3 |
_aFlorianopolis, SC (Brasil): _c1989. |
|
| 300 | _a219 p. | ||
| 650 | _aEXTENSAO RURAL | ||
| 650 | _aCOMUNICACAO | ||
| 650 | _aTELEVISAO | ||
| 650 | _aSANTA CATARINA | ||
| 909 |
_a202309 _bLucia _c55 _dLucia Elande |
||
| 942 | _cBK | ||
| 999 |
_c46403 _d46403 |
||